000 00405nam a2200145Ia 4500
008 230917s9999||||xx |||||||||||||| ||und||
040 _e186245
_aMAIN
041 _aEnglish
082 _a891.4312109546 RK13K
100 _aरैणा, कृष्णा
245 0 _aकशमीरी निर्गुण सन्तकाव्य
260 _c1977
300 _a178 पृ. p.
942 _cHN
999 _c133640
_d133640